[Event "Novy Bor op 3rd"]
[Site "Novy Bor"]
[Date "2012.02.12"]
[Round "2"]
[White "Bradac, Daniel"]
[Black "Bores, Roman"]
[Result "0-1"]
[WhiteElo "1894"]
[BlackElo "2139"]
[PlyCount "58"]
[EventDate "2012.02.11"]
[EventType "swiss"]
[EventRounds "9"]
[EventCountry "CZE"]
[SourceTitle "CBM 147 Extra"]
[Source "ChessBase"]
[SourceDate "2012.04.24"]
[SourceVersion "1"]
[SourceVersionDate "2012.04.24"]
[SourceQuality "1"]

1. e4 c5 2. Nf3 d6 3. d4 cxd4 4. Nxd4 Nf6 5. Nc3 a6 6. Bc4 e6 7. Bb3 Nbd7 8. 0-0 Nc5 9. Qe2 b5 10. Bg5 Bb7 11. Nd5 Be7 12. Nxe7 Qxe7 13. e5 dxe5 14. Qxe5 h6 15. Rfe1 hxg5 16. Nf5 Nfd7 17. Qxg7 Qf6 18. Nd6+ Ke7 19. Qxf6+ Kxf6 20. Rad1 Rad8 21. Rd4 Nb8 22. f4 g4 23. f5 Nxb3 24. axb3 Bd5 25. Nxf7 Kxf7 26. fxe6+ Bxe6 27. Rf4+ Ke7 28. Rxg4 Rhg8 29. Rge4 Rd6 0-1

[Event "CZE-chT2B 1112"]
[Site "Czech Republic"]
[Date "2012.01.22"]
[Round "6.3"]
[White "Bores, Roman"]
[Black "Contos, Vaclav"]
[Result "1/2-1/2"]
[WhiteElo "2139"]
[BlackElo "2105"]
[PlyCount "69"]
[EventDate "2011.10.09"]
[EventType "team-tourn"]
[EventRounds "11"]
[EventCountry "CZE"]
[SourceTitle "EXT 2013"]
[Source "ChessBase"]
[SourceDate "2012.11.22"]
[SourceVersion "1"]
[SourceVersionDate "2012.11.22"]
[SourceQuality "1"]
[WhiteTeam "Novoborsky"]
[BlackTeam "Karlovy Vary"]
[WhiteTeamCountry "CZE"]
[BlackTeamCountry "CZE"]

1. e4 c6 2. d4 d5 3. Nc3 dxe4 4. Nxe4 Nd7 5. Ng5 Ngf6 6. Bd3 e6 7. N1f3 Bd6 8. Qe2 Qe7 9. Ne5 0-0 10. Bd2 c5 11. c3 cxd4 12. cxd4 Nb6 13. 0-0 Nbd5 14. Rac1 Bd7 15. a3 Rac8 16. f4 Rxc1 17. Bxc1 Be8 18. g4 h6 19. Ngf3 Kh8 20. Qg2 Ng8 21. Qg3 Qc7 22. Nh4 Nge7 23. g5 f6 24. gxf6 Rxf6 25. Neg6+ Nxg6 26. Nxg6+ Bxg6 27. Bxg6 Ne7 28. Bb1 Nf5 29. Qc3 Qb6 30. Bxf5 Rxf5 31. Be3 Qc7 32. Qxc7 Bxc7 33. Kg2 Kg8 34. Kf3 Rh5 35. Rc1 1/2-1/2

[Event "CZE-chT2B 1112"]
[Site "Czech Republic"]
[Date "2012.01.08"]
[Round "5.3"]
[White "Lorenc, Tomas"]
[Black "Bores, Roman"]
[Result "1/2-1/2"]
[WhiteElo "2099"]
[BlackElo "2139"]
[PlyCount "51"]
[EventDate "2011.10.09"]
[EventType "team-tourn"]
[EventRounds "11"]
[EventCountry "CZE"]
[SourceTitle "EXT 2013"]
[Source "ChessBase"]
[SourceDate "2012.11.22"]
[SourceVersion "1"]
[SourceVersionDate "2012.11.22"]
[SourceQuality "1"]
[WhiteTeam "Sokolov"]
[BlackTeam "Novoborsky"]
[WhiteTeamCountry "CZE"]
[BlackTeamCountry "CZE"]

1. b4 d5 2. Bb2 e6 3. e3 f5 4. c4 c6 5. b5 Nf6 6. Nf3 Bd6 7. Be2 0-0 8. 0-0 Qe7 9. Nc3 Bd7 10. a4 Kh8 11. d4 Be8 12. a5 cxb5 13. Nxb5 Bxb5 14. cxb5 Nbd7 15. Ne5 Rfc8 16. Rc1 Bb4 17. a6 Nxe5 18. dxe5 Ne4 19. Qa4 Nc3 20. Bxc3 Bxc3 21. f4 b6 22. Qc2 Rc5 23. Qd3 Rac8 24. Rc2 Bb4 25. Rfc1 Rxc2 26. Rxc2 1/2-1/2

[Event "Novy Bor op"]
[Site "Novy Bor"]
[Date "2011.02.17"]
[Round "7"]
[White "Bores, Roman"]
[Black "Kucera, Petr1111"]
[Result "1/2-1/2"]
[WhiteElo "2143"]
[BlackElo "2204"]
[PlyCount "134"]
[EventDate "2011.02.12"]
[EventType "swiss"]
[EventRounds "9"]
[EventCountry "CZE"]
[SourceTitle "CBM 140 Extra"]
[Source "ChessBase"]
[SourceDate "2011.03.01"]
[SourceVersion "1"]
[SourceVersionDate "2011.03.01"]
[SourceQuality "1"]

1. e4 c5 2. Nf3 Nc6 3. d4 cxd4 4. Nxd4 Nf6 5. Nc3 e5 6. Ndb5 d6 7. Bg5 a6 8. Bxf6 gxf6 9. Na3 b5 10. Nd5 f5 11. Bd3 Be6 12. Qh5 Bg7 13. 0-0 f4 14. c4 bxc4 15. Bxc4 0-0 16. Rfd1 Nd4 17. Rac1 Rb8 18. b3 Qd7 19. f3 f5 20. Nc2 Nxc2 21. Rxc2 fxe4 22. fxe4 Kh8 23. Be2 Bxd5 24. Rxd5 Qa7+ 25. Kh1 Rf6 26. h3 f3 27. Bxf3 Rbf8 28. Rd3 Bh6 29. Qh4 Be3 30. Rc8 Rxf3 31. gxf3 Rxc8 32. Qf6+ Qg7 33. Qxg7+ Kxg7 34. Rxe3 Rc2 35. Re1 Rxa2 36. Rg1+ Kf7 37. Rg2 Ra1+ 38. Kh2 Rb1 39. Ra2 Rxb3 40. Rxa6 Rxf3 41. Rxd6 Re3 42. Rh6 Kg7 43. Re6 Rxe4 44. Kg3 Kf7 45. Rh6 Kg7 46. Re6 h5 47. Kf3 Kf7 48. Rh6 Rf4+ 49. Kg3 Rf5 50. h4 e4 51. Ra6 Rf3+ 52. Kg2 Rf4 53. Rh6 Rg4+ 54. Kf2 Rxh4 55. Ke3 Ke7 56. Rb6 Rg4 57. Rb4 Rg3+ 58. Kf4 Rg4+ 59. Ke3 Rg3+ 60. Kf4 Rg1 61. Rxe4+ Kf6 62. Re8 Rg4+ 63. Kf3 Rg7 64. Rf8+ Kg5 65. Kg3 Rh7 66. Rg8+ Kh6 67. Kh4 Ra7 1/2-1/2

[Event "Novy Bor op"]
[Site "Novy Bor"]
[Date "2011.02.15"]
[Round "4"]
[White "Golcman, Evgeny"]
[Black "Bores, Roman"]
[Result "1-0"]
[WhiteElo "2298"]
[BlackElo "2143"]
[PlyCount "135"]
[EventDate "2011.02.12"]
[EventType "swiss"]
[EventRounds "9"]
[EventCountry "CZE"]
[SourceTitle "CBM 140 Extra"]
[Source "ChessBase"]
[SourceDate "2011.03.01"]
[SourceVersion "1"]
[SourceVersionDate "2011.03.01"]
[SourceQuality "1"]

1. c4 b6 2. Nc3 Bb7 3. e4 e6 4. Nf3 Bb4 5. Bd3 d6 6. Qa4+ Nc6 7. Ne2 a5 8. a3 Bc5 9. Bc2 e5 10. d4 exd4 11. Nexd4 Nge7 12. Be3 0-0 13. Rd1 Qd7 14. 0-0 Rad8 15. Qb3 Nxd4 16. Nxd4 Nc6 17. Nf5 Bxe3 18. Qxe3 Qe6 19. Bb1 Rde8 20. Rc1 Qe5 21. Rc3 Bc8 22. Ng3 Qd4 23. Qc1 h6 24. Kh1 Qf6 25. Rd3 Nd4 26. Nh5 Qe5 27. Qd1 c5 28. f4 Qe7 29. Rg3 g6 30. e5 Kh8 31. Nf6 Rd8 32. f5 Nxf5 33. Bxf5 dxe5 34. Bd3 Rd4 35. Qc2 Rf4 36. Nd5 Rxf1+ 37. Bxf1 Qd6 38. Qb3 Be6 39. Qxb6 Qxb6 40. Nxb6 e4 41. Kg1 Kg7 42. Na4 Rc8 43. Rb3 Bd7 44. Nc3 Bc6 45. Kf2 f5 46. g3 Kf6 47. Rb6 Ke5 48. Ne2 g5 49. Ke3 a4 50. Ra6 Rc7 51. Ra5 Be8 52. Ra8 Bh5 53. Bh3 Rb7 54. Rf8 Rb3+ 55. Nc3 Bg6 56. Rg8 f4+ 57. gxf4+ gxf4+ 58. Kd2 Bf7 59. Rc8 Rxb2+ 60. Kc1 Rxh2 61. Bg4 Bxc4 62. Re8+ Kd4 63. Nxe4 Bb3 64. Bf5 f3 65. Nd2 Rh1+ 66. Kb2 Rh2 67. Kc1 f2 68. Nf3+ 1-0

[Event "CZE-chT2B 1011"]
[Site "Czech Republic"]
[Date "2011.01.09"]
[Round "5.4"]
[White "Ondrejat, Miroslav"]
[Black "Bores, Roman"]
[Result "0-1"]
[WhiteElo "2059"]
[BlackElo "2143"]
[PlyCount "70"]
[EventDate "2010.10.17"]
[EventType "team-tourn"]
[EventRounds "11"]
[EventCountry "CZE"]
[SourceTitle "EXT 2012"]
[Source "ChessBase"]
[SourceDate "2011.11.24"]
[SourceVersion "1"]
[SourceVersionDate "2011.11.24"]
[SourceQuality "1"]
[WhiteTeam "Sokolov"]
[BlackTeam "Novoborsky III"]
[WhiteTeamCountry "CZE"]
[BlackTeamCountry "CZE"]

1. Nf3 Nf6 2. c4 b6 3. g3 Bb7 4. Bg2 e6 5. 0-0 Be7 6. Nc3 0-0 7. Re1 d5 8. Ne5 Nbd7 9. d4 Nxe5 10. dxe5 Ne4 11. cxd5 Nxc3 12. bxc3 Bxd5 13. e4 Bc4 14. Qg4 Kh8 15. Be3 Qe8 16. f4 Qc6 17. f5 Bc5 18. f6 Bxe3+ 19. Rxe3 g6 20. Qf4 Rg8 21. Qg5 Qc5 22. g4 Rgd8 23. Kh1 Rd7 24. Rh3 Qf8 25. Bf1 Bxf1 26. Rxf1 Rad8 27. Qh4 Qg8 28. Rhf3 Rd3 29. Qh3 Rd2 30. R3f2 R2d7 31. Qe3 Qf8 32. Qc1 h6 33. Kg2 Kh7 34. h4 Qc5 35. Qc2 Qxe5 0-1

[Event "CZE-chT2B 1011"]
[Site "Czech Republic"]
[Date "2010.11.21"]
[Round "3.5"]
[White "Bores, Roman"]
[Black "Soukal, Rudolf"]
[Result "1-0"]
[WhiteElo "2143"]
[BlackElo "2093"]
[PlyCount "101"]
[EventDate "2010.10.17"]
[EventType "team-tourn"]
[EventRounds "11"]
[EventCountry "CZE"]
[SourceTitle "EXT 2012"]
[Source "ChessBase"]
[SourceDate "2011.11.24"]
[SourceVersion "1"]
[SourceVersionDate "2011.11.24"]
[SourceQuality "1"]
[WhiteTeam "Novoborsky III"]
[BlackTeam "Praha Dukla"]
[WhiteTeamCountry "CZE"]
[BlackTeamCountry "CZE"]

1. e4 c5 2. Nf3 e6 3. d4 cxd4 4. Nxd4 a6 5. Nc3 Qc7 6. Bd3 Nf6 7. 0-0 Bc5 8. Be3 0-0 9. Qf3 Qe5 10. Nb3 Bxe3 11. Qxe3 Qh5 12. f4 Qxh2+ 13. Kxh2 Ng4+ 14. Kg3 Nxe3 15. Rf3 Nxg2 16. Kxg2 b5 17. a3 Bb7 18. Na5 Bc8 19. e5 f5 20. exf6 Rxf6 21. Ne4 Rg6+ 22. Ng5 Rh6 23. Bxh7+ Rxh7 24. Nxh7 Kxh7 25. Rh1+ Kg8 26. Rfh3 Kf7 27. Rh8 Nc6 28. Nxc6 Bb7 29. Rxa8 Bxa8 30. Rh8 Bxc6+ 31. Kg3 a5 32. c3 a4 33. Kf2 Kf6 34. Rh5 Bd5 35. Ke3 g6 36. Rh7 Bc6 37. Kd4 d6 38. Rc7 Be8 39. c4 e5+ 40. fxe5+ dxe5+ 41. Ke4 bxc4 42. Rxc4 g5 43. Rb4 Bg6+ 44. Kd5 Bc2 45. Rb8 Bb3+ 46. Rxb3 axb3 47. a4 Kf5 48. a5 e4 49. Kd4 Kf4 50. a6 e3 51. Kd3 1-0

[Event "CZE-chT2B 0910"]
[Site "Czech Republic"]
[Date "2010.03.14"]
[Round "9.4"]
[White "Bores, Roman"]
[Black "Contos, Vaclav"]
[Result "1-0"]
[WhiteElo "2185"]
[BlackElo "2097"]
[PlyCount "43"]
[EventDate "2009.10.18"]
[EventType "team-tourn"]
[EventRounds "11"]
[EventCountry "CZE"]
[SourceTitle "EXT 2012"]
[Source "ChessBase"]
[SourceDate "2011.11.24"]
[SourceVersion "1"]
[SourceVersionDate "2011.11.24"]
[SourceQuality "1"]
[WhiteTeam "Novoborsky III"]
[BlackTeam "Karlovy Vary"]
[WhiteTeamCountry "CZE"]
[BlackTeamCountry "CZE"]

1. e4 e5 2. Nf3 Nf6 3. Bc4 Nxe4 4. Nc3 Nd6 5. Bb3 Nc6 6. 0-0 Be7 7. Re1 0-0 8. Nxe5 Nxe5 9. Rxe5 Bf6 10. Re1 Nf5 11. Nd5 c6 12. Qf3 cxd5 13. Qxf5 Re8 14. Rxe8+ Qxe8 15. Kf1 d4 16. d3 d6 17. Qd5 Be5 18. f4 Bf6 19. Bd2 Bg4 20. Qxb7 Qe2+ 21. Kg1 Rf8 22. Re1 1-0